000 00557nam a2200193Ia 4500
005 20250923145000.0
008 008 250917s9999 xx 000 0 eng d
037 _aTextual
040 _aDSWL
_beng
_cDSWL
041 _aeng
_2eng
084 _aY15-73(Q2)'M, N16
_qDSWL
100 _aCattell, Milly
_9830539
245 0 _aBehind the Purdah
_cby Milly Cattell
260 _aCalcutta
_bThacker, Spink & Co.
_c1916
365 _aINR
_b7.00
925 _g7.00
942 _cTEXL
_hY15-73(Q2)'M, N16
999 _c1445664
_d1445664